LEADER 01382nam a2200241 i 4500 001 000000023561 003 CaOOAMICUS 005 20180830125446.0 008 180830s1950 it u000 u ita u 040 $aSeMil$bita 100 1 $aMatteo : da Coronata .$0(OLS)http://semarc/name/10492 245 10$aInstitutiones Iuris Canonici :$bad usum utriusque cleri et scholarum /$cMatthaeus Conte a Coronata. 260 $aTaurini ; Romae :$bMarietti,$c1950. 300 $a6 v. ;$c25 cm. 650 4$aCodex iuris canonici <1917>.$0(OLS)http://semarc/subject/57797 774 0 $aMatteo : da Coronata $tIntroductio.$bEd. 4. aucta et emendata.$w()52101 774 0 $aMatteo : da Coronata $t1: normae generales, de clericis, de religiosis, de laicis.$bEd. 4. aucta et emendata.$g1$w()191367 774 0 $aMatteo : da Coronata $t2: De rebus.$bEd. 5. aucta et emendata.$g2$w()191368 774 0 $aMatteo : da Coronata $t3.$g3$w()191369 774 0 $aMatteo : da Coronata $t4: De delictis et poenis.$bEd. 5. aucta et emendata.$g4$w()191370 774 0 $aMatteo : da Coronata $t5: Index rerum et appendices.$bEd. 3. aucta et emendata.$g5$w()191373 996 $6245$aInstitutiones Iuris Canonici :$bad usum utriusque cleri et scholarum$9(OLS)http://semarc/title/31591 996 $6260$aTaurini ; Romae :$bMarietti$9(OLS)http://semarc/publisher/30253 LEADER 00913nam a2200229 i 4500 001 000000062259 003 CaOOAMICUS 005 20130104000000.0 008 130104s1980 xx u000 u ger u 013 $a33431 020 $a3-466-20192-6 040 $aSeMil$bita 100 1 $aBiser, Eugen <1918-2014>.$0(OLS)http://semarc/name/559 245 10$aReligiöse Sprachbarrieren :$baufbau einer Logaporetik /$cEugen Biser. 260 $aMünchen :$bKösel,$ccopyr. 1980. 300 $a452 p. ;$c23 cm. 650 4$aTeologia - Saggi.$0(OLS)http://semarc/subject/231 850 $aSeMil 852 $aSeMil$W1$xVenegono$y1$m2L III 228$j28412$B28412$CSeMilBibl$Z2$F28415 $81 996 $6020$a3-466-20192-6$9(OLS)http://semarc/number/38759 996 $6245$aReligiöse Sprachbarrieren :$baufbau einer Logaporetik$9(OLS)http://semarc/title/97974 996 $6260$aMünchen :$bKösel$9(OLS)http://semarc/publisher/34068